Czy ci ludzie mogli się spotkać? - Statystyki

Ogólne statystyki
  • Ten quiz został rozwiązany 457 razy
  • Średni wynik to 12 z 25
Statystyki odpowiedzi
Zagadnienie Odpowiedź % Poprawnych
Adam Mickiewicz i Józef Piłsudski Nie
73%
Władysław Jagiełło i Mikołaj Kopernik Nie
68%
Fryderyk Chopin i Claude Monet Tak
68%
Fiodor Dostojewski i Albert Einstein Tak
68%
Napoleon Bonaparte i Otto von Bismarck Tak
61%
Sergiej Rachmaninow i John Lennon Tak
59%
Pablo Picasso i Elon Musk Tak
56%
Karl Marx i Mahatma Gandhi Tak
56%
Mao Zedong i Barack Obama Tak
54%
Benjamin Franklin i Abraham Lincoln Nie
49%
Martin Luther King i Kurt Cobain Tak
49%
William Shakespeare i Blaise Pascal Nie
46%
Krzysztof Kolumb i Jan Kochanowski Nie
46%
Józef Stalin i Donald Trump Tak
46%
Pol Pot i Taylor Swift Tak
44%
Stanisław August Poniatowski i Martin Van Buren Tak
44%
Maurice Ravel i Karol Wojtyła Tak
44%
Włodzimierz Lenin i Marilyn Monroe Nie
41%
Adolf Hitler i Pablo Escobar Nie
39%
Sokrates i Arystoteles Nie
39%
Hirohito i Robert Lewandowski Tak
39%
Franz Kafka i Elvis Presley Nie
32%
Augusto Pinochet i Iga Świątek Tak
27%
Friedrich Nietzsche i Nikita Chruszczow Tak
27%
Jan Sebastian Bach i Wolfgang Amadeus Mozart Nie
24%
Nie znaleziono quizów pasujących do podanych kryteriów
Rozkład punktacji
Procent ludzi z każdym wynikiem
Percentyl według liczby udzielonych odpowiedzi
Twoja historia wyników
Nie rozwiązałeś tego quizu